|
|
|
|
| LEADER |
00000naa a22000002c 4500 |
| 001 |
1588949311 |
| 003 |
DE-627 |
| 005 |
20190311191109.0 |
| 007 |
tu |
| 008 |
190311s1993 xx ||||| 00| ||eng c |
| 020 |
|
|
|a 0415053846
|
| 035 |
|
|
|a (DE-627)1588949311
|
| 035 |
|
|
|a (DE-576)518949311
|
| 035 |
|
|
|a (DE-599)BSZ518949311
|
| 040 |
|
|
|a DE-627
|b ger
|c DE-627
|e rakwb
|
| 041 |
|
|
|a eng
|
| 084 |
|
|
|a 1
|2 ssgn
|
| 100 |
1 |
|
|0 (DE-588)170284425
|0 (DE-627)06035058X
|0 (DE-576)131183435
|4 aut
|a Clinton, Kevin
|
| 109 |
|
|
|a Clinton, Kevin
|
| 245 |
1 |
4 |
|a The sanctuary of Demeter and Kore at Eleusis
|
| 264 |
|
1 |
|c 1993
|
| 336 |
|
|
|a Text
|b txt
|2 rdacontent
|
| 337 |
|
|
|a ohne Hilfsmittel zu benutzen
|b n
|2 rdamedia
|
| 338 |
|
|
|a Band
|b nc
|2 rdacarrier
|
| 650 |
0 |
7 |
|0 (DE-588)4059416-6
|0 (DE-627)10439403X
|0 (DE-576)209130709
|a Tempel
|2 gnd
|
| 652 |
|
|
|a BE
|
| 689 |
0 |
0 |
|d g
|0 (DE-588)4093976-5
|0 (DE-627)10481408X
|0 (DE-576)209303867
|2 gnd
|a Griechenland
|g Altertum
|
| 689 |
0 |
1 |
|d s
|0 (DE-588)4049396-9
|0 (DE-627)106187155
|0 (DE-576)209081880
|2 gnd
|a Religion
|
| 689 |
0 |
|
|5 (DE-627)
|
| 700 |
1 |
|
|0 (DE-588)1055929851
|0 (DE-627)792903633
|0 (DE-576)41195038X
|4 oth
|a Marinatu, Nannō
|d 20./21. Jh.
|
| 700 |
1 |
|
|0 (DE-588)11315996X
|0 (DE-627)523623968
|0 (DE-576)289753880
|4 oth
|a Hägg, Robin
|d 1935-2014
|
| 773 |
0 |
8 |
|i In
|t Greek sanctuaries
|b 1. publ.
|d London [u.a.] : Routledge, 1993
|g (1993), Seite 110-124
|h XV, 245 S.
|w (DE-627)110257103
|w (DE-576)032782292
|z 0415053846
|7 nnam
|
| 773 |
1 |
8 |
|g year:1993
|g pages:110-124
|
| 935 |
|
|
|a BIIN
|
| 951 |
|
|
|a AR
|
| BIB |
|
|
|a 1
|
| ELC |
|
|
|b 1
|
| ITA |
|
|
|a 1
|t 1
|
| LOK |
|
|
|0 000 xxxxxcx a22 zn 4500
|
| LOK |
|
|
|0 001 3058586043
|
| LOK |
|
|
|0 003 DE-627
|
| LOK |
|
|
|0 004 1588949311
|
| LOK |
|
|
|0 005 20190311191109
|
| LOK |
|
|
|0 008 190311||||||||||||||||ger|||||||
|
| LOK |
|
|
|0 035
|a (DE-Tue135-1)70546
|
| LOK |
|
|
|0 040
|a DE-Tue135-1
|c DE-627
|d DE-Tue135-1
|
| LOK |
|
|
|0 852
|a DE-Tue135-1
|
| LOK |
|
|
|0 852 1
|c FTHNT033387/CNK
|m p
|9 00
|
| LOK |
|
|
|0 852 2
|b 11/4
|9 00
|
| LOK |
|
|
|0 935
|a iSWA
|
| LOK |
|
|
|0 936ln
|0 1442043393
|a BE
|
| LOK |
|
|
|0 938
|k p
|
| LOK |
|
|
|0 939
|a 11-03-19
|b l12
|
| ORI |
|
|
|a SA-MARC-ixtheoa001.raw
|
| REF |
|
|
|a Ägyptische Religion,Griechische Religion
|
| REL |
|
|
|a 1
|
| STA |
0 |
0 |
|a Religion,Religions,Religion,Religion in literature,Temple,Temple
|
| STB |
0 |
0 |
|a Religion,Religions,Religion,Temple,Temple
|
| STC |
0 |
0 |
|a Religión,Religión,Religión,Templo,Templo
|
| STD |
0 |
0 |
|a Religione,Religione,Religione,Tempio,Tempio
|
| STE |
0 |
0 |
|a 宗教,宗教,庙宇,寺院,神殿
|
| STF |
0 |
0 |
|a 宗教,宗教,廟宇,寺院,神殿
|
| STG |
0 |
0 |
|a Religião,Religião,Templo,Templo
|
| STH |
0 |
0 |
|a Религия (мотив),Религия,Храм (мотив),Храм
|
| STI |
0 |
0 |
|a Θρησκεία (μοτίβο),Θρησκεία,Ναός (μοτίβο),Ναός
|
| SUB |
|
|
|a BIB
|a REL
|
| SYG |
0 |
0 |
|a Elliniki Dimokratia,Basileion tēs Hellados,Yunanistan,République Hellénique,Ellada,Greece,Vasilion tis Ellados,Hellenic Republic,Grèce,Royaume de Grèce,Elli̲niki̲ Di̲mokratia,Hellēnikē Demokratia,Elli̱niki̱ Di̱mokratia,Vasileion ti̲s Ellados,Hellas,Ellas,Ellēnikē Dēmokratia,Hellēnikē Dēmokratia,Hellenische Republik,Griechenland , Religion,Mystik,Mythologie
|